ఇంతందం పాట (Intandaṁ Pāṭa) - Statistics

General Stats
  • This quiz has been taken 5 times
  • The average score is 7 of 118
Answer Stats
పదాలు % Correct
ఈ/ī
100%
దారి/dāri
75%
ఇంతందం/Intandaṁ
50%
భూమిపైకే/bhūmipaikē
25%
నీ/nī
25%
అచ్చు/accu
0%
అదంత/adanta
0%
అందం/andaṁ
0%
చందమామయేనే/candamāmayēnē
0%
చాటింది/cāṭindi
0%
చెక్కి/cekki
0%
చేరుకున్నదా/cērukunnadā
0%
చేస్తోందా/cēstōndā
0%
చిలకే/Cilakē
0%
చూడని/cūḍani
0%
చుట్టుముట్టి/cuṭṭumuṭṭi
0%
దాగుండి/dāguṇḍi
0%
దాసోహమంది/dāsōhamandi
0%
దయే/dayē
0%
దిగేను/digēnu
0%
దూకేటి/dūkēṭi
0%
ఏదో/ēdō
0%
ఎక్కుపెట్టి/ekkupeṭṭi
0%
ఇంచు/in̄cu
0%
ఇంట/iṇṭa
0%
జగమే/jagamē
0%
జగత్తు/jagattu
0%
కట్టి/kaṭṭi
0%
కోక/kōka
0%
కోటితారలేనే/kōṭitāralēnē
0%
లాగే/lāgē
0%
లేకుంటే/lēkuṇṭē
0%
మహత్తు/mahattu
0%
మళ్ళిందా/maḷḷindā
0%
మరలా/maralā
0%
మాయలోకి/māyalōki
0%
మెళ్ళో/meḷḷō
0%
నా/nā
0%
నదిలా/nadilā
0%
నవ్వు/navvu
0%
నేలకే/nēlakē
0%
నేలే/nēlē
0%
నీదే/Nīdē
0%
నీదేలే/nīdēlē
0%
నీకంత/nīkanta
0%
నీలా/nīlā
0%
నిన్నే/ninnē
0%
నీపైన/nīpaina
0%
నిశీదులన్నీ/niśīdulannī
0%
నువ్వుంటే/nuvvuṇṭē
0%
పడుచుతనం/paḍucutanaṁ
0%
పైకి/paiki
0%
పైట/paiṭa
0%
పనేంటనే/panēṇṭanē
0%
పిల్ల/pilla
0%
ప్రపంచమే/prapan̄camē
0%
పులిలా/pulilā
0%
రాముడవ్వనా/rāmuḍavvanā
0%
సహజగుణం/sahajaguṇaṁ
0%
శిల్పసంపద/śilpasampada
0%
సీతాకోకలాయెనా/sītākōkalāyenā
0%
తాళికట్టి/tāḷikaṭṭi
0%
తాకి/tāki
0%
తలొంచే/talon̄cē
0%
తపస్సిలా/tapas'silā
0%
తరించే/tarin̄cē
0%
తేలే/tēlē
0%
తెంపరి/tempari
0%
తుషారాణివా/tuṣārāṇivā
0%
ఊడిగమే/ūḍigamē
0%
ఉంటారా/uṇṭārā
0%
వైఖరి/vaikhari
0%
వెళ్ళాడు/veḷḷāḍu
0%
వేలు/vēlu
0%
వెన్నెలేంటనే/vennelēṇṭanē
0%
వేటాడే/vēṭāḍē
0%
వీడే/vīḍē
0%
విల్లే/villē
0%
వీలులేని/vīlulēni
0%
వింత/vinta
0%
విసుక్కునే/Visukkunē
0%
యుద్ధం/yud'dhaṁ
0%
No matching quizzes found
Score Distribution
Percent of People with Each Score
Percentile by Number Answered
Your Score History
You have not taken this quiz